| 000 | 00602nam a2200181Ia 4500 | ||
|---|---|---|---|
| 008 | 151018s9999 xx 000 0 und d | ||
| 082 |
_bRBASDV13019 _a891.468 |
||
| 100 | _aविमला जोशी | ||
| 245 | _aकोथिंबीरिची फुले | ||
| 250 | _b1 | ||
| 260 |
_bसौ शकुंतला लाटकर _c1980 |
||
| 300 | _a110 | ||
| 600 | _aविमला जोशी | ||
| 630 | _aकोथिंबीरिची फुले | ||
| 700 | _aविमला जोशी | ||
| 730 | _aकोथिंबीरिची फुले | ||
| 942 | _cBOOK | ||
| 999 |
_c1015256 _d1015253 |
||